| 000 | 00588nam a22001937a 4500 | ||
|---|---|---|---|
| 999 |
_c4811 _d4811 |
||
| 003 | AR-CdUCM | ||
| 008 | 190311b ||||| |||| 00| 0 spa d | ||
| 040 |
_aMUNICIPALIDAD PROVINCIAL DEL CUSCO _cBIBLIOTECA MUNICIPAL DEL CUSCO |
||
| 082 |
_a869.44 / _bF43 |
||
| 100 |
_aFerrari, Américo _910403 |
||
| 245 | _aFigura para Abolirse / | ||
| 260 |
_aPerú : _bSEA; Casa del Artista , _c1985. |
||
| 300 |
_a37 páginas ; _c19.7 cm. |
||
| 650 |
_aPoesia Peruana _9280 |
||
| 650 |
_aPoesia Latinoamericana _92147 |
||
| 650 |
_aPoesia Trascendente _914839 |
||
| 942 |
_2ddc _cLIBROS |
||
| 945 | _artm | ||